Statistics for TNA Impact Wrestling Champions by Year - 2019

Click here to take the quiz!

General Stats

  • This quiz has been taken 25 times
  • The average score is 8 of 12

Answer Stats

DateEventWrestler% Correct
October 29ImpactSami Callihan
95%
April 28RebellionBrian Cage
85%
January 6HomecomingRich Swann
70%
January 6HomecomingTaya Valkyrie
70%
April 28RebellionOrtiz
65%
April 28RebellionSantana
65%
July 26ImpactJake Crist
60%
October 20Bound for GloryAce Austin
55%
July 5Bash at the BreweryJosh Alexander
55%
July 5Bash at the BreweryEthan Page
50%
February 8ImpactFenix
45%
February 8ImpactPentagon Jr.
45%

Score Distribution

Percentile by Number Answered

Percent of People with Each Score

Your Score History

You have not taken this quiz